| 000 | 01160cam a2200289 4500 | ||
|---|---|---|---|
| 001 | ABS68678 | ||
| 008 | 050120n2004 000 0 eng u | ||
| 035 | _a(Sirsi) u128557 | ||
| 100 | _aShepherd, M. | ||
| 245 | _aSpecial report: rating 2005 | ||
| 260 | _c2004 | ||
| 490 |
_aProperty Week _v69(51) 17 December 2004, 51-56(4) |
||
| 520 | _aThree articles on business rates. "Limited appeal" reports on rating surveyors' claims that plans to streamline the rating appeal system will lead to occupiers automatically appealing. "The small change" discusses whether a lower Uniform Business Rate will help small businesses. The final article, "Banking on a tax cut", reports on how banks and building societies have negotiated concessions with the VOA on their business rates. | ||
| 590 | _aABS | ||
| 590 | _aABS | ||
| 650 | _aRATING APPEALS | ||
| 650 | _aPUBLIC CONSULTATIONS | ||
| 650 | _aRATING SURVEYORS | ||
| 650 | _aBUSINESS RATES | ||
| 650 | _aSMALL BUSINESSES | ||
| 650 | _aOCCUPIERS | ||
| 650 | _aBANKS | ||
| 650 | _aBUILDING SOCIETIES | ||
| 650 | _aBUSINESS RATES REDUCTION | ||
| 690 | _aRATING AND LOCAL TAXATION | ||
| 942 | _n0 | ||
| 999 |
_c118484 _d118484 |
||